| 000 | 005530000a22001810004500 | ||
|---|---|---|---|
| 003 | MACL | ||
| 005 | 20160304170214.0 | ||
| 008 | 160304b xxu||||| |||| 00| 0 eng d | ||
| 040 |
_aMACL _cMACL |
||
| 041 | _aHindi | ||
| 082 | _a891.432 | ||
| 100 |
_aगोविन्ददास _940329 |
||
| 245 | _aगोविन्ददास ग्रन्थवली | ||
| 260 |
_bभारती साहित्य मंदिर _c1957 _aदिल्ली |
||
| 350 | _a7 | ||
| 650 |
_aDrama _942851 |
||
| 942 |
_cHIN _k891.432 _2ddc |
||
| 999 |
_c24462 _d24462 |
||